KOHA-Header-6

Bacterial Genetics (Record no. 1627)

000 -LEADER
fixed length control field 00319nam a2200133Ia 4500
008 - FIXED-LENGTH DATA ELEMENTS--GENERAL INFORMATION
fixed length control field 190723s9999 xx 000 0 und d
020 ## - INTERNATIONAL STANDARD BOOK NUMBER
International Standard Book Number 978-969-8261-51-1
100 ## - MAIN ENTRY--PERSONAL NAME
Personal name Abdul Mobin Khan
245 #0 - TITLE STATEMENT
Title Bacterial Genetics
250 ## - EDITION STATEMENT
Edition statement 3rd
260 ## - PUBLICATION, DISTRIBUTION, ETC. (IMPRINT)
Place of publication, distribution, etc Karachi
Name of publisher, distributor, etc Time Publisher
Date of publication, distribution, etc 2011
300 ## - PHYSICAL DESCRIPTION
Extent 304.:p
942 ## - ADDED ENTRY ELEMENTS (KOHA)
Koha item type Books
Holdings
Withdrawn status Lost status Damaged status Not for loan Permanent Location Current Location Shelving location Date acquired Total Checkouts Total Renewals Full call number Barcode Date last seen Date checked out Price effective from Koha item type
        MAJU MAJU Shelf No.A36 2019-07-23 3 1 589.901 8250 2024-01-11 2024-01-03 2019-07-23 Bio Science

Powered by Koha